000 00903nam a2200253Ia 4500
003 OSt
005 20220923215458.0
006 a|||||r|||| 00| 0
007 ta
008 220922b |||||||| |||| 00| 0 hin d
024 _a179,132
037 _cTextual
040 _aARTS
_cARTS
_bhin
041 _2hin
_ahin
082 _aO152,1M89,12:g, K2
100 _aसिंह, मधुरमालती
_9156270
245 0 _aकवि शंकर प्रसाद के काव्यसंग्रह लहर
246 _aKavi shankar prasād ke kāvyasangrah lahara
260 _aआगरा
_b रामप्रसाद एण्ड संस
_c1962
300 _a174 पृ.
_ccm.
650 _aहिन्दी साहित्य
_9156264
942 _hO152,1M89,12:g, K2
_cTEXL
_2CC
999 _c332513
_d332513